000 01403nam a22002177a 4500
999 _c59791
_d59791
003 Ge_BSU
005 20230419115914.0
008 230419s2002 ge ||||| |||| 00| 0 geo d
020 _a9992865814
041 _ageo
080 _a903.35(479.22)+725.1 ყ-56
100 _aყიფიანი, გურამ
_913514
245 _aუფლისციხე /
_cგურამ ყიფიანი; [რედ.: რისმაგ გორდეზიანი]; თსუ, კლასიკ. ფილოლოგიის, ბიზანტინისტიკისა და ნეოგრეცისტიკის ინ-ტი.
264 _aთბილისი :
_bპროგრამა "ლოგოსი",
_c2002.
300 _a174 გვ. :
_bტაბ. ილ;
_c20 სმ.
490 _aლოგოსის გზამკვლევი
_vპუბლიკაციები და ღონისძიებები კლასიკური ფილოლოგიის, ბიზანტინისტიკისა და ნეოგრეცისტიკის სფეროში
501 _aშემოკლებათა განმარტება გვ. 92
504 _aბიბლიოგრ. გვ. 93
700 _aგორდეზიანი, რისმაგ
_eრედაქტორი
_917673
942 _2udc
_cBK